| 000 | 01441nam a2200373 a 4500 | ||
|---|---|---|---|
| 001 | ebr10585229 | ||
| 003 | CaPaEBR | ||
| 006 | m u | ||
| 007 | cr cn||||||||| | ||
| 008 | 990303s1999 gw sb 001 0 eng d | ||
| 010 | _z 99021536 | ||
| 020 | _z3110164507 (cloth alk. paper) | ||
| 020 | _z9783110164503 | ||
| 020 | _z9783110800593 (e-book) | ||
| 040 |
_aCaPaEBR _cCaPaEBR |
||
| 035 | _a(OCoLC)632082765 | ||
| 043 | _ae-uk-wl | ||
| 050 | 1 | 4 |
_aPB2171 _b.J58 1999eb |
| 082 | 0 | 4 |
_a491.6/6/0141 _221 |
| 100 | 1 | _aJones, Bob Morris. | |
| 245 | 1 | 4 |
_aThe Welsh answering system _h[electronic resource] / _cby Bob Morris Jones. |
| 260 |
_aBerlin ; _aNew York : _bMouton de Gruyter, _c1999. |
||
| 300 | _axvi, 360 p. | ||
| 440 | 0 |
_aTrends in linguistics. _pStudies and monographs ; _v120 |
|
| 504 | _aIncludes bibliographical references (p. [317]-349) and index. | ||
| 533 |
_aElectronic reproduction. _bPalo Alto, Calif. : _cebrary, _d2011. _nAvailable via World Wide Web. _nAccess may be limited to ebrary affiliated libraries. |
||
| 650 | 0 |
_aWelsh language _xDiscourse analysis. |
|
| 650 | 0 |
_aWelsh language _xSocial aspects _zWales. |
|
| 650 | 0 |
_aChildren _zWales _xLanguage. |
|
| 650 | 0 | _aQuestions and answers. | |
| 655 | 7 |
_aElectronic books. _2local |
|
| 710 | 2 | _aebrary, Inc. | |
| 856 | 4 | 0 |
_uhttp://site.ebrary.com/lib/rucke/Doc?id=10585229 _zAn electronic book accessible through the World Wide Web; click to view |
| 999 |
_c106864 _d106864 |
||